[Event "Ch Yugoslavia"]
[Site "masterchessopen.com Novi Sad (Yugoslavia)"]
[Round "10"]
[White "Ivkov Borislav (SRB)"]
[Black "Janosevic Dragoljub (YUG)"]
[Result "0-1"]
[WhiteElo "2416"]
[BlackElo "2330"]

1.Nf3 Nf6 2.d4 e6 3.g3 d5 4.Bg2 Be7 5.c4 c6 6.O-O O-O 7.Qc2 b6 8.Nbd2 Bb7 9.e4
Nbd7 10.Ng5 h6 11.Nh3 Rc8 12.Nf4 e5 13.dxe5 Nxe5 14.b3 d4 15.Bb2 Re8 16.Rae1
Rc7 17.Nf3 Nxf3+ 18.Bxf3 Bd6 19.Qd2 Rd7 20.Bg2 Qb8 21.Nd3 c5 22.f3 Rde7 23.Rf2
Nh5 24.Rfe2 Nxg3 25.hxg3 Bxg3 26.Bh3 Bc8 27.Bxc8 Qxc8 28.Rg2 Bxe1 29.Qxe1 f5
30.e5 Qc6 31.Qg3 g5 32.Bc1 Rg7 33.Qh3 Re6 34.Rg3 f4 35.Rg2 Qe8 36.Qf5 Qg6
37.Qxg6 Rexg6 38.Bd2 Re6 39.b4 cxb4 40.Bxb4 Rc6 41.c5 a5 42.Ba3 bxc5 43.Bxc5
Rb7 44.Rd2 Rd7 45.Bd6 Kf7 46.Re2 Ke6 47.Re4 Kd5 48.Kf1 Rb7 49.Re2 Rb1+ 50.Kf2
Rh1 51.Kg2 Rd1 52.Nf2 d3 53.Re4 Rd2 54.e6 Rcc2 55.Kh3 Rxf2 {#R} 0-1

[Event "Ch Yugoslavia"]
[Site "masterchessopen.com Ljubljana (Slovenia)"]
[Round "0"]
[White "Bulat Ante (CRO)"]
[Black "Janosevic Dragoljub (YUG)"]
[Result "1-0"]
[WhiteElo "2246"]
[BlackElo "2330"]

1.c4 Nf6 2.Nf3 e6 3.g3 d5 4.Bg2 Be7 5.d4 c6 6.O-O O-O 7.Qc2 b6 8.b3 Bb7 9.Bb2
Nbd7 10.Nc3 Rc8 11.Rad1 Qc7 12.e4 Qb8 { ? } ( 12...dxe4 13.Nxe4 Nxe4 14.Qxe4
c5 15.Qe2 ) ( 12...Ba6 13.Nd2 dxc4 14.bxc4 b5 ) 13.Ng5 h6 14.Nh3 Rfd8 15.Qe2
Qa8 16.e5 Ne8 17.cxd5 cxd5 ( 17...exd5 18.e6 ) 18.f4 Bb4 19.Rf3 g6 20.f5 { ! }
20...exf5 21.Qe3 Kh7 22.g4 Ng7 ( 22...fxg4 23.Rxf7+ Kg8 24.Qxh6 ) 23.Bc1 { ! }
23...Rxc3 24.Qxh6+ Kg8 25.Rxc3 Bxc3 26.Ng5 Nf8 27.Ba3 { ! } 27...Nge6 28.Be7
Bxd4+ 29.Rxd4 Qc8 30.Bf6 Qc1+ 31.Bf1 {#r} 1-0

[Event "Ch Hungary"]
[Site "masterchessopen.com Budapest (Hungary)"]
[Round "0"]
[White "Sapi Laszlo (HUN)"]
[Black "Prelovszky Laszlo"]
[Result "0-1"]
[WhiteElo "2275"]
[BlackElo "2260"]

1.c4 Nf6 2.g3 e6 3.Bg2 d5 4.d4 Be7 5.Nf3 O-O 6.O-O c6 7.Qc2 b6 8.Nbd2 Bb7 9.e4
c5 10.cxd5 exd5 11.e5 Nfd7 12.dxc5 bxc5 13.b3 Nc6 14.Bb2 Ba6 15.Qf5 Bxf1
16.Nxf1 g6 17.Qh3 d4 18.Re1 Rc8 19.N1d2 f6 20.Qe6+ Kh8 21.exf6 Bxf6 22.Bh3 Rc7
23.Ne4 Nde5 24.Nxe5 Nxe5 25.Nxf6 Re7 26.Rxe5 Rxe6 27.Rxe6 Rxf6 28.Re5 Rxf2
29.Bc1 Rc2 30.Bg5 Qf8 31.Bf4 h6 32.Rd5 Re2 33.Bf1 Re1 34.h4 Qe8 35.Kf2 Qe4
36.Rxc5 Rxf1+ 37.Kxf1 Qf3+ 38.Ke1 d3 39.Re5 g5 40.hxg5 hxg5 41.Re8+ Kh7 42.Re3
Qh1+ 43.Kd2 gxf4 44.gxf4 Qh2+ 45.Kxd3 Qxa2 46.Kc3 Qa5+ 47.Kd4 Qb6+ 48.Ke4 Kg6
49.Kf3 Kf5 50.Re5+ Kf6 51.Re3 Qd4 52.Ke2 Kf5 53.Rd3 Qe4+ 54.Kd2 a5 55.Rc3 a4
56.bxa4 Qxf4+ 57.Kd3 Qe4+ 58.Kd2 Qxa4 59.Rf3+ Ke4 60.Re3+ Kf4 61.Rc3 Qb4
62.Kd3 Qe4+ 63.Kd2 Qg2+ 64.Kd3 Qf1+ 65.Kd4 Qf2+ 66.Kd3 Ke5 67.Kc4 Qb6 68.Kd3
Kd5 69.Kc2 Qb4 70.Kd3 Qa4 71.Ke2 Qg4+ 72.Kd2 Qg2+ 73.Ke3 Qf1 74.Rd3+ Ke5
75.Rd2 Qh3+ 76.Ke2 Ke4 77.Kd1 Qb3+ 78.Ke2 Qb5+ 79.Kf2 Qf5+ 80.Ke2 Qg4+ 81.Kf2
Qh5 82.Re2+ Kf4 83.Rd2 Qh2+ 84.Ke1 Qg1+ 85.Ke2 Ke4 86.Rc2 Qg2+ 87.Kd1 Qf1+
88.Kd2 Kd4 89.Rb2 Qf2+ 90.Kc1 Qe1+ 91.Kc2 Kc4 92.Ra2 Qe2+ 93.Kb1 Qd1+ 94.Kb2
Kb4 {#R} 0-1

[Event "It"]
[Site "masterchessopen.com Reggio Emilia (Italy)"]
[Round "7"]
[White "Bertok Mario (CRO)"]
[Black "Radulov Ivan (BUL)"]
[Result "0-1"]
[WhiteElo "2282"]
[BlackElo "2306"]

1.c4 Nf6 2.d4 e6 3.g3 d5 4.Bg2 Be7 5.Nf3 O-O 6.O-O c6 7.Qc2 b6 8.b3 Ba6 9.Nbd2
Nbd7 10.e4 Rc8 11.Rd1 c5 12.exd5 exd5 13.Bb2 cxd4 14.Nxd4 b5 15.Qf5 bxc4
16.bxc4 Bxc4 17.Nxc4 Rxc4 18.Bxd5 g6 19.Bxc4 gxf5 20.Nc6 Qe8 21.Re1 Ne4 22.Nd4
Bf6 23.f3 Qb8 24.Re2 Qxb2 25.Rxb2 Bxd4+ 26.Kg2 Bxb2 {#R} 0-1

[Event "Ch Yugoslavia"]
[Site "masterchessopen.com Bjelovar (Croatia)"]
[Round "8"]
[White "Kelecevic Nedeljko (SUI)"]
[Black "Petrovic Slobodan (SRB)"]
[Result "1-0"]
[WhiteElo "2229"]
[BlackElo "2290"]

1.Nf3 Nf6 2.c4 e6 3.g3 d5 4.d4 Be7 5.Bg2 O-O 6.O-O c6 7.Qc2 b6 8.Rd1 Bb7 9.b3
Nbd7 10.Nc3 Rc8 11.e4 Nxe4 12.Nxe4 dxe4 13.Qxe4 Ba8 14.Qe2 Qc7 15.Bf4 Bd6
16.Bxd6 Qxd6 17.c5 Qc7 18.b4 Bb7 19.Rac1 Rfe8 20.Ne5 b5 21.Be4 Nf6 22.Bb1 Rcd8
23.a3 Re7 24.Qc2 g6 25.h4 Bc8 26.Qd2 Kg7 27.Kg2 Bd7 28.h5 Be8 29.hxg6 fxg6
30.Rc3 Ng8 31.Rf3 Bf7 32.Qf4 Be8 33.Rh1 a5 34.Qh4 h6 35.Qe4 axb4 36.axb4 Kh8
37.Nxg6+ Bxg6 38.Qxg6 Qd7 39.Rh4 Qd5 40.Be4 Qxd4 41.Rd3 {#r} 1-0

[Event "Izt (w)"]
[Site "masterchessopen.com Rio de Janeiro (Brazil)"]
[Date "1979.09.28"]
[Round "4"]
[White "Eretova Kveta (CZE)"]
[Black "Hund Barbara (SUI)"]
[Result "1-0"]
[WhiteElo "2104"]
[BlackElo "2226"]

1.d4 Nf6 2.c4 e6 3.g3 d5 4.Nf3 Be7 5.Bg2 O-O 6.O-O c6 7.Qc2 b6 8.Nbd2 Bb7 9.b3
Nbd7 10.e4 Nxe4 11.Nxe4 dxe4 12.Qxe4 Nf6 13.Qe2 Rc8 14.Rd1 Bd6 15.Bb2 Qe7
16.Ne5 c5 17.dxc5 Bxc5 18.Nd7 Nxd7 19.Bxb7 Rcd8 20.Bf3 f5 21.a3 e5 22.Bc6 e4
23.b4 Bd6 24.Bxd7 Rxd7 25.c5 bxc5 26.bxc5 Bc7 27.Qc4+ Qf7 28.Rxd7 {#r} 1-0

[Event "It"]
[Site "masterchessopen.com Plovdiv (Bulgaria)"]
[Round "0"]
[White "Barreras Alberto (CUB)"]
[Black "Radulov Ivan (BUL)"]
[Result "1-0"]
[WhiteElo "2335"]
[BlackElo "2465"]

1.d4 Nf6 2.c4 e6 3.g3 d5 4.Bg2 Be7 5.Nf3 O-O 6.O-O c6 7.Qc2 b6 8.b3 Nbd7 9.Rd1
Ba6 10.Nbd2 Rc8 11.e4 c5 12.e5 Ne8 13.Bb2 cxd4 14.Bxd4 Nc7 15.Qb2 Nb8 16.cxd5
Nxd5 17.Ne4 Nc6 18.Rac1 Qd7 19.a3 Rfd8 20.b4 Nxd4 21.Rxd4 Rxc1+ 22.Qxc1 Rc8
23.Qb1 Qa4 24.Qa1 Bxb4 25.Nd6 Rc5 26.Ng5 Qxa3 27.Qxa3 Bxa3 28.Be4 g6 29.Ndxf7
Rc1+ 30.Kg2 Bf1+ 31.Kf3 Rc3+ 32.Kg4 Rc4 33.Nh6+ Kg7 34.Nxe6+ Kxh6 35.Bxd5 Rc2
36.Kf3 g5 37.h4 g4+ 38.Kxg4 Rxf2 39.Rf4 Be2+ 40.Kf5 Bd3+ 41.Kf6 Bc5 42.g4 {#r}
1-0

[Event "It"]
[Site "masterchessopen.com Leipzig (Germany)"]
[Round "4"]
[White "Razuvaev Yuri S (RUS)"]
[Black "Boensch Uwe (GER)"]
[Result "1-0"]
[WhiteElo "2525"]
[BlackElo "2450"]

1.d4 Nf6 2.c4 e6 3.Nf3 d5 4.g3 Be7 5.Bg2 O-O 6.Qc2 c6 7.O-O b6 8.b3 Bb7 9.Rd1
Nbd7 10.Nc3 Rc8 11.e4 dxe4 12.Nxe4 Nxe4 13.Qxe4 Nf6 14.Qc2 Bd6 15.Bb2 Qe7
16.Re1 Ba3 17.Bc3 Rfd8 18.Rad1 Bb4 19.Ne5 Bxc3 20.Qxc3 Qc7 21.b4 Nd7 22.c5 Nf6
23.Nc4 Ne8 24.a4 b5 25.Ne5 Nf6 26.a5 Nd5 27.Qb2 a6 28.Be4 Qe7 29.h4 Rc7 30.Rd2
f6 31.Nf3 Qf7 32.Rde2 Bc8 33.Nd2 Rcd7 34.Bxd5 exd5 35.Nf1 Rc7 36.Re3 Bf5
37.Qe2 Kf8 38.g4 Bc8 39.Ng3 g6 40.g5 Kg7 41.gxf6+ Qxf6 42.Rf3 Qxd4 43.Rd1 Qg4
44.Qe5+ Kh6 45.Qxc7 Qxf3 46.Qxd8 Bh3 47.Qg5+ Kg7 48.Nh5+ Qxh5 49.Qxh5 gxh5
50.Re1 Kf7 51.Re5 Bg4 52.Kg2 Bd1 53.f3 Bc2 54.Rxh5 d4 55.Kf2 Ke6 56.Rg5 Bf5
57.f4 Bc2 58.Ke2 Bf5 59.Kd2 Bb1 60.Re5+ Kf7 61.f5 Kf6 62.Re6+ Kxf5 63.Rxc6
{#r} 1-0

[Event "Ch Brazil"]
[Site "masterchessopen.com Cabo Frio (Brazil)"]
[Round "12"]
[White "Van Riemsdijk Herman C (BRA)"]
[Black "Lucena Lincoln (BRA)"]
[Result "1-0"]
[WhiteElo "2404"]
[BlackElo "2182"]

1.d4 Nf6 2.Nf3 e6 3.g3 d5 4.c4 Be7 5.Bg2 O-O 6.O-O c6 7.Qc2 b6 8.Rd1 Ba6
9.Nbd2 Nbd7 10.b3 Rc8 11.e4 Bb7 12.e5 Ne8 13.Nf1 a5 14.h4 Nc7 15.Ng5 Bxg5
16.hxg5 c5 17.dxc5 Nxc5 18.f4 Qe7 19.Ba3 Rfd8 20.Ne3 Ba8 21.Ng4 dxc4 22.bxc4
Bxg2 23.Bxc5 Qxc5+ 24.Kxg2 Nd5 25.Rac1 b5 26.Rh1 g6 27.Qe4 bxc4 28.Nh6+ Kg7
29.Nxf7 Ne3+ 30.Kf3 Nf5 31.Nxd8 Qa3+ 32.Kf2 Qxg3+ 33.Ke2 Qg4+ 34.Kd2 Rxd8+
35.Kc2 Ne3+ 36.Kb1 Rb8+ 37.Ka1 Qe2 38.Qd4 Rb7 39.Qc3 Nd5 40.Qc2 Qxc2 41.Rxc2
c3 42.Rb1 Rc7 43.Rb5 Nb4 44.Kb1 Nd5 45.Rxa5 Nxf4 46.Rb5 Nd5 47.a4 h5 48.a5 Rc6
49.Ra2 Ra6 50.Rb7+ Kg8 51.Ra4 Rc6 52.Kc1 c2 53.Ra2 {#r} 1-0

[Event "Ch URS (1 liga)"]
[Site "masterchessopen.com Irkutsk (Russia)"]
[Round "0"]
[White "Goldin Alexander (USA)"]
[Black "Aseev Konstantin N (RUS)"]
[Result "1-0"]
[WhiteElo "2390"]
[BlackElo "2440"]

1.d4 Nf6 2.c4 e6 3.g3 d5 4.Bg2 Be7 5.Nf3 O-O 6.Qc2 c5 7.O-O cxd4 8.Nxd4 Nc6
9.Nxc6 bxc6 10.b3 Ba6 11.Bb2 Rc8 12.Nd2 d4 13.a3 c5 14.b4 Rc7 15.b5 Bb7
16.Bxb7 Rxb7 17.Nf3 Bd6 18.e4 e5 19.a4 Qc8 20.Qd3 Ne8 21.Bc1 f6 22.a5 Be7
23.a6 Rb8 24.Nh4 g6 25.f4 exf4 26.Bxf4 Rb6 27.Nf3 Re6 28.Rae1 Nc7 29.Kg2 Re8
30.Re2 Bf8 31.Rfe1 Na8 32.e5 g5 33.Bxg5 fxg5 34.Nxg5 Rg6 35.h4 Qd7 36.e6 Qg7
37.Rf1 h6 38.Rf7 hxg5 39.Rxg7+ Rxg7 40.h5 Nc7 41.Qf5 Be7 42.Qe5 Bd8 43.Qxc5 d3
44.Rd2 Nxe6 45.Qc6 Rge7 46.Rxd3 Bb6 47.Rd7 Kf7 48.Rxe7+ Kxe7 49.Qb7+ Kf6
50.Qh7 Rd8 51.Qg6+ Ke7 52.h6 g4 53.Qxg4 Kf6 54.h7 Rh8 55.Qg8 {#r} 1-0

[Event "?"]
[Site "masterchessopen.com URS"]
[Round "0"]
[White "Vekshenkov Nikolai (RUS)"]
[Black "Baburin Alexander (IRL)"]
[Result "0-1"]
[WhiteElo "2416"]
[BlackElo "2535"]

1.d4 d5 2.Nf3 Nf6 3.g3 e6 4.Bg2 Be7 5.c4 O-O 6.Qc2 c5 7.O-O cxd4 8.Nxd4 Nc6
9.Nxc6 bxc6 10.b3 e5 11.Bb2 e4 12.Nc3 Be6 13.Rfd1 Qb8 14.Rac1 Rc8 15.Na4 h5
16.Bd4 h4 17.Qd2 hxg3 18.hxg3 Ng4 19.Qb2 Bd6 20.cxd5 cxd5 21.Rxc8+ Bxc8 22.Qc3
Ba6 23.Bxg7 e3 24.f4 Bxf4 25.Rd4 Qb5 26.Rxf4 Qxe2 27.Bh6 Nxh6 28.Qf6 Qd1+
29.Kh2 Qh5+ 30.Kg1 e2 31.Qe7 Bb5 32.g4 Nxg4 33.Bh3 Qxh3 34.Qxf7+ Kh8 {#R} 0-1

[Event "Ch Greece"]
[Site "masterchessopen.com Athens (Greece)"]
[Round "0"]
[White "Lirindzakis Timotheos (GRE)"]
[Black "Gratseas Stefanos (GRE)"]
[Result "1-0"]
[WhiteElo "2330"]
[BlackElo "2187"]

1.d4 Nf6 2.Nf3 e6 3.c4 d5 4.g3 Be7 5.Bg2 O-O 6.O-O c6 7.Qc2 b6 8.b3 Bb7 9.Bb2
Nbd7 10.Nbd2 Rc8 11.e4 c5 12.e5 Ne8 13.cxd5 exd5 14.dxc5 bxc5 15.Rfe1 Qb6
16.Bh3 Qd8 17.e6 fxe6 18.Bxe6+ Kh8 19.Ne5 Nxe5 20.Rxe5 Bf6 21.Rh5 h6 22.Qg6
{#r} 1-0

[Event "Staatsliga"]
[Site "masterchessopen.com Austria"]
[Round "0"]
[White "Fauland Alexander (AUT)"]
[Black "Foessmeier Ulrich Johann Gust (GER)"]
[Result "1-0"]
[WhiteElo "2452"]
[BlackElo "2310"]

1.d4 d5 2.Nf3 Nf6 3.c4 e6 4.g3 Be7 5.Bg2 O-O 6.O-O c6 7.Qc2 b6 8.Nbd2 Bb7 9.e4
Nbd7 10.b3 Rc8 11.Bb2 Qc7 12.Rad1 Qb8 13.Rfe1 Rfd8 14.Ng5 h6 15.Nh3 dxe4
16.Nxe4 c5 17.d5 exd5 18.Nc3 Re8 19.Nxd5 Nxd5 20.Bxd5 Bxd5 21.Rxd5 Qc7 22.Nf4
Bf6 23.Red1 Rcd8 24.Nh5 Bxb2 25.Qxb2 f6 26.Qc2 Ne5 27.Qf5 Rxd5 28.Rxd5 Qf7
29.Kg2 Qe6 30.Qe4 Qf7 31.Nf4 Nc6 32.Qf3 Nd4 33.Qg4 Re5 34.Rxe5 fxe5 35.Ng6 Qf6
36.h4 Kf7 37.h5 Qc6+ 38.f3 Kf6 {#r} 1-0

[Event "?"]
[Site "masterchessopen.com Salonika (Greece)"]
[Round "0"]
[White "Gulko Boris F (USA)"]
[Black "Karpov Anatoly (RUS)"]
[Result "0-1"]
[WhiteElo "2590"]
[BlackElo "2725"]

1.d4 Nf6 2.c4 e6 3.g3 d5 4.Bg2 Be7 5.Nf3 O-O 6.Qc2 c5 7.O-O cxd4 8.Nxd4 Nc6
9.Nxc6 bxc6 10.b3 Ba6 11.Bb2 Rc8 12.e3 Qb6 13.Nd2 Rfd8 14.Rfd1 Nd7 15.Rac1 Bb7
16.Nf3 c5 17.Ne5 Nxe5 18.Bxe5 d4 19.exd4 Bxg2 20.Kxg2 f6 21.Bf4 cxd4 22.Qe4 e5
23.Bd2 Ba3 24.Rb1 a5 25.Bc1 Bf8 26.g4 Qe6 27.Rb2 g6 28.Re2 Qd7 29.f3 Bg7
30.Kh1 Kh8 31.Rg2 Rc6 32.Rg3 Rd6 33.Bd2 Ra6 34.Rdg1 Re8 35.f4 exf4 36.Qxf4 f5
37.Qf3 Rf6 38.Qd5 Rd6 39.Qf3 Rf8 40.Re1 d3 41.gxf5 Rxf5 42.Qe4 Rf8 43.Rf3 Rxf3
44.Qxf3 h5 45.Kg2 Rf6 46.Qe4 Kh7 47.Re3 Rd6 48.h3 Rd4 49.Qa8 a4 50.c5 axb3
51.axb3 Qf7 52.Qf3 Rf4 53.Qg3 h4 54.Qe1 Qd5+ 55.Kh2 Qxc5 56.Re7 Rf2+ 57.Kh1
{#R} 0-1

[Event "Ch URS (corr.)"]
[Site "masterchessopen.com corr."]
[Round "0"]
[White "Akopov Roman (ARM)"]
[Black "Lykhin Oleg (RUS)"]
[Result "0-1"]
[WhiteElo "2256"]
[BlackElo "2336"]

1.d4 Nf6 2.c4 e6 3.g3 d5 4.Bg2 Be7 5.Nf3 O-O 6.O-O c6 7.Qc2 b6 8.b3 Bb7 9.Rd1
Na6 10.Nc3 Qc8 11.Bb2 c5 12.cxd5 Nb4 13.Qb1 Nbxd5 14.Nxd5 exd5 15.Ne5 Qe6
16.Qd3 Rac8 17.Rac1 Rfd8 18.e3 Ne4 19.Qf1 Qh6 20.Qb5 a6 21.Qe2 Qe6 22.Nd3 f5
23.Rc2 c4 24.Ne5 b5 {#R} 0-1

[Event "Ch Moscow (w)"]
[Site "masterchessopen.com Moscow (Russia)"]
[Round "5"]
[White "Grabuzova Tatiana (RUS)"]
[Black "Tsiganova Monika (EST)"]
[Result "1-0"]
[WhiteElo "2220"]
[BlackElo "2173"]

1.d4 Nf6 2.c4 e6 3.g3 d5 4.Bg2 Be7 5.Nf3 O-O 6.O-O c6 7.Qc2 b6 8.b3 Ba6 9.Rd1
Nbd7 10.Nbd2 Rc8 11.e4 c5 12.exd5 exd5 13.dxc5 dxc4 14.c6 Rxc6 15.Nd4 Rc7
16.Nc6 Qe8 17.Nxc4 Bb7 18.Nxe7+ Qxe7 19.Bf4 Bxg2 20.Kxg2 Rc6 21.Bd6 Qe6
22.Bxf8 Nxf8 23.Qd3 h5 24.Qe3 Qc8 25.Nd6 Qb8 26.Qd3 Ne6 27.Rac1 Nc5 28.Qd4 Qc7
29.f3 Qe7 30.Ne4 Nfxe4 31.Qd8+ Qxd8 32.Rxd8+ Kh7 33.fxe4 Re6 34.b4 Nxe4 35.Rd7
h4 36.gxh4 Nf6 37.Rxf7 Re2+ 38.Kf3 Rxa2 39.Rg1 Nh5 40.Rg5 Kh6 41.Re7 a5 42.b5
Rxh2 43.Re6+ Nf6 44.Kg3 Rb2 45.Rxb6 a4 46.Ra6 a3 47.Kf3 a2 48.Ke3 Rh2 49.Kd3
Rxh4 50.Re5 Rh1 51.Rxa2 Nd7 52.Ree2 Kg5 53.Rab2 Rh6 54.Rg2+ Kf5 55.Rxg7 Rh3+
56.Kd4 Rh4+ 57.Kd5 Nb6+ 58.Kc6 Rh6+ 59.Kb7 Nc4 60.Rb4 Nd6+ 61.Ka7 Nc8+ 62.Kb8
Nb6 63.Kb7 Nd5 64.Rb3 Kf6 65.Rd7 Ke6 66.Kc6 Ke5+ 67.Kc5 Nb6 68.Re7+ Kf4 69.Rb1
{#r} 1-0

[Event "It (open)"]
[Site "masterchessopen.com Benasque (Spain)"]
[Round "7"]
[White "Veingold Aleksandr (EST)"]
[Black "Gonzalez Mateos Rafael (ESP)"]
[Result "1-0"]
[WhiteElo "2465"]
[BlackElo "2186"]

1.d4 Nf6 2.Nf3 e6 3.g3 d5 4.Bg2 Be7 5.c4 O-O 6.O-O c6 7.Qc2 b6 8.b3 Bb7 9.Rd1
Qc8 10.Nc3 c5 11.cxd5 exd5 12.Bb2 Na6 13.Rac1 h6 14.e3 Qe6 15.Ne5 Rfc8 16.Qb1
Bd6 17.Ne2 Qe8 18.Nc4 Be7 19.dxc5 Rxc5 20.Bxf6 gxf6 21.Nf4 Rd8 22.Nd2 Nc7
23.Nf3 Ne6 24.Nd4 Ng7 25.Nde2 Ba6 26.Rxc5 bxc5 27.Bxd5 Bd6 28.Qc2 Qe7 29.Bc4
Bb7 30.Nd5 Bxd5 31.Rxd5 Ne6 32.Qf5 Ng7 33.Qd3 Bc7 34.Nc3 f5 35.Nb5 Rxd5
36.Qxd5 Bb8 37.Qc6 Kh7 38.Nc3 f4 39.Nd5 Qd8 40.Bd3+ f5 41.Nf6+ Kh8 42.Nd7 Kh7
43.exf4 h5 44.Nf6+ Kh8 45.Nxh5 Bd6 46.Nxg7 Kxg7 47.Bxf5 Qf6 48.Qd7+ Be7 49.Kg2
Kf8 50.Qc8+ Kf7 51.Bd3 Kg7 52.Qg4+ Kh8 53.Qh5+ Kg7 54.Qh7+ Kf8 55.Qf5 {#r} 1-0

[Event "It (open)"]
[Site "masterchessopen.com Bratislava (Slovakia)"]
[Round "9"]
[White "Blaho Stefan (SVK)"]
[Black "Lobach Pavel V (RUS)"]
[Result "1-0"]
[WhiteElo "2113"]
[BlackElo "2309"]

1.d4 d5 2.c4 e6 3.Nf3 Nf6 4.g3 Be7 5.Bg2 O-O 6.O-O c6 7.Qc2 b6 8.Nbd2 Bb7 9.e4
dxe4 10.Nxe4 Nbd7 11.b3 Nxe4 12.Qxe4 Nf6 13.Qe2 c5 14.Bb2 Qc7 15.Rad1 Rad8
16.dxc5 Bxc5 17.Ne5 Bxg2 18.Kxg2 Rd6 19.Rxd6 Bxd6 20.Rd1 Rd8 21.Qf3 Be7
22.Rxd8+ Bxd8 23.Qa8 Kf8 24.Nc6 Ke8 25.Be5 Qd7 26.Nxa7 Ne4 27.Bxg7 f5 28.Nc6
{#r} 1-0

[Event "Simultan"]
[Site "masterchessopen.com Katowice (Poland)"]
[Round "0"]
[White "Kasparov Garry (RUS)"]
[Black "Dubiel Jacek (POL)"]
[Result "1-0"]
[WhiteElo "2805"]
[BlackElo "2422"]

1.d4 d5 2.c4 e6 3.Nf3 Nf6 4.g3 Be7 5.Bg2 O-O 6.Qc2 c6 7.O-O b6 8.Nbd2 Bb7 9.e4
dxe4 10.Nxe4 Nxe4 11.Qxe4 Nd7 12.Rd1 Qc8 13.Qc2 Nf6 14.c5 Rd8 15.Bf4 Nd5
16.Bg5 f6 17.Bd2 bxc5 18.dxc5 a5 19.Bh3 f5 20.Re1 Bf6 21.Bg5 Ba6 22.Bxf6 Nxf6
23.Ne5 Rd5 24.Bg2 Ne4 25.Bxe4 Rxe5 26.Bf3 Rxe1+ 27.Rxe1 Kf7 28.Qc3 Bb5 29.Qd4
Qd8 30.Qe5 Qf6 31.Qf4 a4 32.Bxc6 Bxc6 33.Qc7+ Qe7 34.Qxc6 Ra7 35.Qb6 Rb7
36.Rxe6 Qd7 37.Rd6 Qe7 38.Qc6 g6 39.Qd5+ Kf8 40.c6 Rc7 41.Rd8+ {#r} 1-0

[Event "It (open)"]
[Site "masterchessopen.com Copenhagen (Denmark)"]
[Round "6"]
[White "Sorensen Torben (MLT)"]
[Black "Ostergaard Rasmus (DEN)"]
[Result "1-0"]
[WhiteElo "2255"]
[BlackElo "2122"]

1.Nf3 Nf6 2.c4 e6 3.g3 d5 4.d4 Be7 5.Bg2 O-O 6.O-O c6 7.Qc2 b6 8.b3 Bb7 9.Rd1
Nbd7 10.Nc3 Rc8 11.e4 dxe4 12.Nxe4 c5 13.Nxf6+ Bxf6 14.Ng5 Bxg5 15.Bxb7 Rc7
16.dxc5 bxc5 17.Bg2 Bxc1 18.Raxc1 Qb8 19.Rd6 Nb6 20.Rcd1 Rcc8 21.Qd2 Qc7
22.Rc6 Qb8 23.Qa5 Rfd8 24.Rxd8+ Rxd8 25.Qxc5 Rd1+ 26.Bf1 Qd8 27.Kg2 Nd7
28.Qxa7 Rxf1 29.Rd6 Ra1 30.Qxd7 Qa8+ 31.Qc6 Qb8 32.Qb6 Qxb6 33.Rxb6 {#r} 1-0

[Event "It (open)"]
[Site "masterchessopen.com Leiden (Netherlands)"]
[Date "1994.02.12"]
[Round "3"]
[White "Cifuentes Parada Roberto (ESP)"]
[Black "Lemanczyk Thomas (GER)"]
[Result "1-0"]
[WhiteElo "2490"]
[BlackElo "2245"]

1.d4 d5 2.c4 e6 3.Nf3 Nf6 4.g3 Be7 5.Bg2 O-O 6.O-O c6 7.Qc2 b6 8.Rd1 Bb7 9.b3
Nbd7 10.Nc3 Rc8 11.e4 dxe4 12.Nxe4 Nxe4 13.Qxe4 Nf6 14.Qc2 Qc7 15.Bf4 Bd6
16.Bxd6 Qxd6 17.c5 Qc7 18.b4 Nd5 19.Ng5 g6 20.Qb2 Rcd8 21.Ne4 Qe7 22.Rac1 Nf6
23.Nxf6+ Qxf6 24.cxb6 axb6 25.Bxc6 Bxc6 26.Rxc6 Rd5 27.Rxb6 Qf3 28.Re1 Rfd8
29.Qe2 Qc3 30.a4 Rxd4 31.Qe5 Qd2 32.Qe2 Qc3 33.Qe3 Rd3 34.Qe5 Qd2 35.a5 R3d4
36.Qe2 Qc3 37.Qe3 Qb2 38.Rb7 Rd3 39.Qf4 Rf8 40.a6 Qc3 41.Rc1 Qb3 42.Qc4 Qb2
43.a7 Ra3 44.Qc2 Qd4 45.Qc5 e5 46.b5 Ra1 47.Rxa1 Qxc5 48.a8=Q Rxa8 49.Rxa8+
Kg7 50.Raa7 Qc1+ 51.Kg2 Qc2 52.Rxf7+ Kh6 53.h4 Qe4+ 54.Kh2 Kh5 55.Rxh7+ Kg4
56.Raf7 Qe2 57.b6 Qb2 58.b7 {#r} 1-0

[Event "Czech League 1994/95 (2nd) (a)"]
[Site "masterchessopen.com Czech Republic"]
[Round "10"]
[White "Inneman Martin (CZE)"]
[Black "Novotny Jaroslav (CZE)"]
[Result "1-0"]
[WhiteElo "2221"]
[BlackElo "2046"]

1.d4 Nf6 2.c4 e6 3.g3 d5 4.Bg2 Be7 5.Nf3 O-O 6.O-O c6 7.Qc2 b6 8.Ne5 Bb7 9.Nc3
Nbd7 10.Nxd7 Qxd7 11.cxd5 cxd5 12.Bf4 Rac8 13.Qb3 Rc4 14.Rfd1 Rfc8 15.a3 h6
16.f3 Qd8 17.Bf1 R4c6 18.e4 a6 19.e5 Nd7 20.Be3 b5 21.Bd3 Qb6 22.Bf2 b4 23.Na4
Qa5 24.Be1 f6 25.Bxb4 Bxb4 26.axb4 Qc7 27.exf6 Nxf6 28.Nc5 Qb6 29.Bxa6 Bxa6
30.Rxa6 Qb5 31.Rxc6 Rxc6 32.Re1 Kf7 33.Nd3 Rb6 34.Rc1 Rb7 35.Rc5 Qb6 36.Ne5+
Ke7 37.b5 Nd7 38.Nxd7 Kxd7 39.Qc3 Ra7 40.Qe3 Ra4 41.Qe5 g5 42.Qg7+ Kd8 43.Qf8+
{#r} 1-0

[Event "Ch Greece (juniors) (under 20)"]
[Site "masterchessopen.com Greece"]
[Round "8"]
[White "Papaioannou Ioannis (GRE)"]
[Black "Sirigos Nikolaos (GRE)"]
[Result "1-0"]
[WhiteElo "2405"]
[BlackElo "2265"]

1.d4 Nf6 2.c4 e6 3.g3 d5 4.Bg2 Be7 5.Nf3 O-O 6.O-O c6 7.Qc2 b6 8.Nbd2 Ba6 9.b3
Nbd7 10.e4 Rc8 11.Bb2 c5 12.exd5 exd5 13.Rfd1 cxd4 14.Nxd4 b5 15.Qf5 bxc4
16.bxc4 Bxc4 17.Nxc4 Rxc4 18.Nb3 Nb6 19.Na5 Rc5 20.Nb3 Rc4 21.Rac1 Qc8 22.Qf3
Re8 23.Na5 Rxc1 24.Rxc1 Qe6 25.Nc6 Bd6 26.Bxf6 Qxf6 27.Qxf6 gxf6 28.Nxa7 Be5
29.Nc6 Kg7 30.Rb1 Bc7 31.Nd4 Ra8 32.Rc1 Be5 33.Nf5+ Kf8 34.f4 Bb2 35.Rc7 Rd8
36.Rb7 Ba3 37.Kf1 Bc5 38.a4 d4 39.a5 Nc4 40.Rc7 {#r} 1-0

[Event "It (open)"]
[Site "masterchessopen.com Passau (Germany)"]
[Round "0"]
[White "Meduna Eduard (CZE)"]
[Black "Maduekwe Chiedu (NGR)"]
[Result "1-0"]
[WhiteElo "2455"]
[BlackElo "2180"]

1.d4 e6 2.c4 Nf6 3.Nf3 d5 4.g3 Be7 5.Bg2 O-O 6.O-O c6 7.Qc2 b6 8.Bf4 Bb7
9.Nbd2 Nh5 10.Rfd1 Nxf4 11.gxf4 Nd7 12.e3 Rc8 13.Rac1 Bd6 14.Nb3 Qe7 15.c5 Bc7
16.Ng5 g6 17.Bh3 Rce8 18.Kh1 Nf6 19.Nd2 Nh5 20.Rg1 Ng7 21.b4 b5 22.Nb3 Bc8
23.Rg3 Bd7 24.Rcg1 Rb8 25.Bf1 Be8 26.Bd3 Bd8 27.a3 a6 28.Qb1 Ra8 29.Rh3 h5
30.Rhg3 Kh8 31.Nd2 Qa7 32.Ndf3 a5 33.Nxf7+ Bxf7 34.Bxg6 Bf6 35.Ne5 Bxe5
36.fxe5 axb4 37.e4 bxa3 38.Qc1 Bxg6 39.Rxg6 Rf7 40.Qg5 a2 41.Rh6+ Kg8 42.Qxh5
Kf8 43.Rh8+ Ke7 44.Qg5+ Kd7 45.Qxg7 Ke7 46.Qg5+ Kd7 47.Qf6 {#r} 1-0

[Event "It (open)"]
[Site "masterchessopen.com Krynica (Poland)"]
[Round "0"]
[White "Lagowski Patryk (POL)"]
[Black "Jasnikowski Zbigniew (POL)"]
[Result "0-1"]
[WhiteElo "2070"]
[BlackElo "2400"]

1.d4 Nf6 2.c4 e6 3.g3 d5 4.Bg2 Be7 5.Nf3 O-O 6.O-O c6 7.Qc2 b6 8.Ne5 Bb7 9.Rd1
Nfd7 10.Nxd7 Nxd7 11.e4 Rc8 12.Qa4 dxe4 13.Bxe4 b5 14.Qxa7 Nc5 15.Bf3 Ra8
16.dxc5 Rxa7 17.Rxd8 Rxd8 18.Be3 Bf6 19.Nd2 b4 20.Ne4 Bxb2 21.Rb1 Rxa2 22.Nd6
Ba8 23.Kg2 Rb8 24.Bd1 b3 25.Ne4 Ra1 26.Rxb2 Rxd1 27.Nd2 e5 28.Kf3 f5 29.Rxb3
Rxb3 30.Nxb3 Rd3 31.Nd2 Ra3 32.Ke2 Bb7 33.Kd1 Kf7 34.Kc2 Ba6 35.Kb2 Rd3 36.Kc2
Rd7 37.Nf3 Kf6 38.Kc3 h6 39.h4 Bc8 40.Bd2 Ba6 41.Kc2 Bxc4 42.Bc3 Bd3+ 43.Kc1
Rd5 44.Nxe5 Ke6 45.Nxc6 Rxc5 46.Nd4+ Kd5 47.Kd2 Bb1 48.Ne2 Rc7 49.f3 Kc4
50.Be5 Re7 51.f4 Be4 52.Ke3 h5 53.Nd4 g6 54.Bd6 Rd7 55.Be5 Ra7 {#R} 0-1

[Event "Memorial Dr. Rey Ardid"]
[Site "masterchessopen.com Zaragoza (Spain)"]
[Round "4"]
[White "Gomez Enguita Francisco (ESP)"]
[Black "Ramiro Ovejero Juan Luis (ESP)"]
[Result "0-1"]
[WhiteElo "1961"]
[BlackElo "2303"]

1.d4 Nf6 2.Nf3 d5 3.c4 e6 4.g3 Be7 5.Bg2 O-O 6.O-O c6 7.Qc2 b6 8.Nbd2 Bb7 9.e4
dxe4 10.Nxe4 Nbd7 11.Rd1 Rc8 12.Bf4 Nxe4 13.Qxe4 Nf6 14.Qe2 Bd6 15.Ne5 Qe7
16.Bg5 Qc7 17.Bxf6 gxf6 18.Ng4 Qe7 19.Nh6+ Kg7 20.Ng4 f5 21.Ne5 Rfd8 22.Qh5
Bxe5 23.dxe5 Rxd1+ 24.Rxd1 Rd8 25.a3 a5 26.Qe2 Qc7 27.Rxd8 Qxd8 28.Qh5 h6
29.Qe2 Qd4 30.h4 Ba6 31.Bxc6 Bxc4 32.Qc2 f4 33.gxf4 Qxf4 34.Qe4 Qc1+ 35.Kh2
Bb3 36.Qg4+ Kf8 37.Bg2 Qxb2 38.Qf4 Ke8 39.Qf6 Ba4 40.Qh8+ Kd7 41.Qg7 Qxf2
42.Kh3 Qe3+ 43.Kh2 Qf4+ 44.Kh3 Bc2 45.Qg3 Qxg3+ 46.Kxg3 b5 47.Kg4 b4 {#R} 0-1